00333nam a2200121Ia 4500008004100000041000800041082001500049100001400064245004500078260004400123300003300167365001100200240624s9999 xx 000 0 und d aeng a332.63 GUP aGUPTA S L aFINANCIAL DERIVATIVES THEORY CONCEPTS AN c2009aNew DelhibPrentice-Hall of India axxiii, : 616 : p. : cm. ; 23 cRSb35